000
00289nam a22001337a 4500
008
171226b xxu||||| |||| 00| 0 eng d
020
_a
9780393937046
041
_a
eng
080
_2
10TH
_a
32
100
_a
19
101
_a
POL
245
_a
WE THE PEOPLE
_c
GINSBERG,B
942
_2
udc
_c
BK
999
_c
39395
_d
39395